000 00244nam a2200097Ia 4500
001 799279
005 20250826170844.0
008 250824s9999 xx 000 0 und d
245 0 _aSERMAYEM YOK DERDİMDEN BAŞKA
_cSERDAR TUNCER
260 _bKETEBE
999 _c799279
_d799279